01148nam a22002777a 45000010005000000030006000050050017000110080041000280200018000690400029000870500015001160820008001311000018001392450163001572600056003203000060003764900050004365050010004865200121004965210030006175210021006477000036006689420015007049990015007199520136007349931FISKH20260317121404.0260317b cb ||||| |||| 00| 0 eng d a9781442413122 aFISKHbengcFISKHdFISKH aPZ7 .S4565 a428 aSeiss , Ellie aDora and the unicorn king /cadapted by Ellie Seiss based on the screenplay " King Unicornio " written by Rosemary Contreras : illustrated by Victoria Miller  aNew York : bSimon Spotlight/ Nickelodeon , c2011. a24 unnumbered pages : bcolor illustrations ; c23 cm . aReady‑To‑Read Dora the Explorer vLevel 1 aE  aDora and Boots must help their friend Unicornio get to the castle so he can be crowned king of the enchanted forest.8 a300 bLexile estimate 8 aE bRaz-Plus  aMiller , VictoriaeIllustrator  2ddccBKn0 c9931d9931 00102ddc40708JUVFa002b002cTTP Dark Greend2026-03-17l0oSEI 428 PZ7 .S4565pFISTK01788r2026-03-17 12:14:01w2026-03-17yBK